| Tag |
First Indicator |
Second Indicator |
Subfields |
| LEADER |
00000cam a2200000 a 4500 |
| 001 |
in00001234521 |
| 005 |
20151003063509.0 |
| 008 |
950328s1995 ne b 100 0 eng |
| 010 |
|
|
|a 95015320
|
| 020 |
|
|
|a 155619577X
|
| 035 |
|
|
|a (OCoLC)32311893
|
| 035 |
|
|
|9 AGT0518AM
|
| 040 |
|
|
|a DLC
|c DLC
|d TXA
|d UtOrBLW
|
| 049 |
|
|
|a TXAM
|
| 050 |
0 |
0 |
|a PC11
|b .L53 1992
|
| 082 |
0 |
0 |
|a 440
|2 20
|
| 111 |
2 |
|
|a Linguistic Symposium on Romance Languages
|n (22nd :
|d 1992 :
|c El Paso, Tex. and Ciudad Juárez, Mexico)
|
| 245 |
1 |
0 |
|a Contemporary research in Romance linguistics :
|b papers from the 22nd Linguistic Symposium on Romance Languages, El Paso/Cd. Juárez, February 1992 /
|c edited by Jon Amastae [and others].
|
| 264 |
|
1 |
|a Amsterdam ;
|a Philadelphia :
|b J. Benjamins Pub. Co.,
|c [1995]
|
| 264 |
|
4 |
|c ©1995
|
| 300 |
|
|
|a 381 pages :
|b illustrations ;
|c 23 cm.
|
| 336 |
|
|
|a text
|b txt
|2 rdacontent
|
| 337 |
|
|
|a unmediated
|b n
|2 rdamedia
|
| 338 |
|
|
|a volume
|b nc
|2 rdacarrier
|
| 490 |
1 |
|
|a Current issues in linguistic theory,
|x 0304-0763 ;
|v 123
|
| 504 |
|
|
|a Includes bibliographical references.
|
| 650 |
|
0 |
|a Romance languages
|v Congresses.
|
| 700 |
1 |
|
|a Amastae, Jon.
|
| 830 |
|
0 |
|a Amsterdam studies in the theory and history of linguistic science.
|n Series IV,
|p Current issues in linguistic theory ;
|v v. 123.
|
| 999 |
|
|
|a MARS
|
| 999 |
f |
f |
|s 4bee84a0-8f48-3c74-913f-4827bcd0985f
|i e40d1632-a324-37c3-be1f-82063b26cfe0
|t 0
|
| 952 |
f |
f |
|p ric
|a Texas A&M University
|b Rellis Campus
|c Joint Library Facility
|s JLF
|d Remote Storage
|t 0
|e PC11 .L53 1992
|h Library of Congress classification
|i unmediated -- volume
|m A14819150631
|
| 998 |
f |
f |
|a PC11 .L53 1992
|t 0
|l Remote Storage
|